Christianity among the religions of the world / (Record no. 1608)
[ view plain ]
| 000 -LEADER | |
|---|---|
| fixed length control field | 00784cam a2200277Ia 4500 |
| 001 - CONTROL NUMBER | |
| control field | 83750 |
| 003 - CONTROL NUMBER IDENTIFIER | |
| control field | GBCCL |
| 005 - DATE AND TIME OF LATEST TRANSACTION | |
| control field | 20241126110405.0 |
| 008 - FIXED-LENGTH DATA ELEMENTS--GENERAL INFORMATION | |
| fixed length control field | 720605s1957 nyu 001 0 eng |
| 010 ## - | |
| -- | 57012066 /L |
| 035 ## - SYSTEM CONTROL NUMBER | |
| System control number | (OCoLC)00324945 |
| 040 ## - CATALOGING SOURCE | |
| Original cataloging agency | DLC |
| Transcribing agency | CCL |
| Modifying agency | SER |
| -- | OCL |
| -- | TAI |
| -- | LBB |
| 049 ## - | |
| -- | LBBK |
| 050 0# - | |
| -- | BR127 |
| -- | .T6 |
| 082 ## - DEWEY DECIMAL CLASSIFICATION NUMBER | |
| Classification number | 261.2 |
| Item number | TOY |
| 090 ## - LOCALLY ASSIGNED LC-TYPE CALL NUMBER (OCLC); LOCAL CALL NUMBER (RLIN) | |
| Classification number (OCLC) (R) ; Classification number, CALL (RLIN) (NR) | BR127 |
| Local cutter number (OCLC) ; Book number/undivided call number, CALL (RLIN) | .T6 |
| 100 1# - MAIN ENTRY--PERSONAL NAME | |
| Personal name | Toynbee, Arnold Joseph, |
| Dates associated with a name | 1889-1975. |
| 9 (RLIN) | 3282 |
| 245 10 - TITLE STATEMENT | |
| Title | Christianity among the religions of the world / |
| Statement of responsibility, etc. | Arnold Toynbee. |
| 260 ## - PUBLICATION, DISTRIBUTION, ETC. | |
| Place of publication, distribution, etc. | New York : |
| Name of publisher, distributor, etc. | Scribner, |
| Date of publication, distribution, etc. | [1957] |
| 300 ## - PHYSICAL DESCRIPTION | |
| Extent | 116 p. ; |
| Dimensions | 21 cm. |
| 490 0# - SERIES STATEMENT | |
| Series statement | Hewett lectures ; |
| Volume/sequential designation | 1956 |
| 500 ## - GENERAL NOTE | |
| General note | Includes index. |
| 650 #0 - SUBJECT ADDED ENTRY--TOPICAL TERM | |
| Topical term or geographic name entry element | Christianity and other religions. |
| 9 (RLIN) | 12 |
| 650 #0 - SUBJECT ADDED ENTRY--TOPICAL TERM | |
| Topical term or geographic name entry element | Religions. |
| 9 (RLIN) | 261 |
| 942 ## - ADDED ENTRY ELEMENTS (KOHA) | |
| Source of classification or shelving scheme | Dewey Decimal Classification |
| Koha item type | Books |
| Koha issues (borrowed), all copies | 1 |
| Withdrawn status | Lost status | Source of classification or shelving scheme | Damaged status | Not for loan | Home library | Current Library | Shelving location | Date acquired | Total checkouts | Full call number | Barcode | Date last seen | Date last checked out | Copy number | Price effective from | Koha item type |
|---|---|---|---|---|---|---|---|---|---|---|---|---|---|---|---|---|
| Dewey Decimal Classification | GRACE BIBLE COLLEGE | GRACE BIBLE COLLEGE | Ministry & Mission | 2017-05-09 | 1 | 261.2 TOY | 000151 | 2025-05-01 | 2018-09-04 | c.1 | 2017-05-09 | Books |